<?xml version="1.0" encoding="UTF-8"?>
<record
    xmlns:xsi="http://www.w3.org/2001/XMLSchema-instance"
    xsi:schemaLocation="http://www.loc.gov/MARC21/slim http://www.loc.gov/standards/marcxml/schema/MARC21slim.xsd"
    xmlns="http://www.loc.gov/MARC21/slim">

  <leader>00587nam a2200133Ia 4500</leader>
  <controlfield tag="008">170516s9999    xx            000 0 und d</controlfield>
  <datafield tag="245" ind1=" " ind2=" ">
    <subfield code="a">In Vivo MR Microneurography of the Tibial and Common Peroneal Nerves, Paolo F. Felisaz, Eric Y. Chang, Irene Carne, Stefano Montagna, Francesco Balducci, Giulia Maugeri, Anna Pichiecchio, Fabrizio Calliada, Maurizia Baldi, and Stefano Bastianello</subfield>
  </datafield>
  <datafield tag="260" ind1=" " ind2=" ">
    <subfield code="b">Radiology Research and Practice</subfield>
  </datafield>
  <datafield tag="260" ind1=" " ind2=" ">
    <subfield code="c">2014</subfield>
  </datafield>
  <datafield tag="300" ind1=" " ind2=" ">
    <subfield code="a">:</subfield>
  </datafield>
  <datafield tag="650" ind1=" " ind2=" ">
    <subfield code="x">Radiologic Technology</subfield>
  </datafield>
  <datafield tag="650" ind1=" " ind2=" ">
    <subfield code="x">Radtech</subfield>
  </datafield>
  <datafield tag="856" ind1=" " ind2=" ">
    <subfield code="u">https://www.hindawi.com/journals/rrp/contents/2/</subfield>
  </datafield>
  <datafield tag="999" ind1=" " ind2=" ">
    <subfield code="c">332512</subfield>
    <subfield code="d">332512</subfield>
  </datafield>
  <datafield tag="952" ind1=" " ind2=" ">
    <subfield code="0">0</subfield>
    <subfield code="1">0</subfield>
    <subfield code="4">0</subfield>
    <subfield code="a">CL</subfield>
    <subfield code="b">CL</subfield>
    <subfield code="d">2017-05-16</subfield>
    <subfield code="l">0</subfield>
    <subfield code="r">2017-05-16 00:00:00</subfield>
    <subfield code="w">2017-05-16</subfield>
    <subfield code="y">FOJ</subfield>
  </datafield>
</record>
